1309 1239 1771 1185 1667 1017 1032 1718 1881 1867 1590 1128 1235 1075 1580 1342 1377 1040 1402 1253 1721 1524 1681 1809 1691 1085 1053 1986 1524 1540 1435 1994 1463 1960 1258 1935 1483 1733 1700 1726 1217 1670 1024 1560 1717 1652 1981 1965 1679 1310 1136 1917 1702 1783 1190 1792 1319 1679 1118 1892 1337 1988 1189 1763 1876 1806 1316 1632 1371 1420 1924 1971 1675 1586 1887 1628 1021 1543 1568 1079 1379 1456 1608 1714 1504 1541 1346 1670 1160 1814 1735 1272 1057 1968 1120 1069 1933 1194 1614 BCNSPRNW ULIB Ver.6.0+V

เปลี่ยนเป็นภาษาไทย

Change to English
 แสดงรายละเอียดบรรณานุกรม
  กลับหน้าหลัก

Brief Record : Get Marc (ISO 2709) : E-mail record : QR code < ปิดหน้าต่าง
LEADER : 00000nam 2200000uu 4500
001    13399111232
003     ULIB
008    110621s2553||||th 000 0 tha d
020    9786167287188
060 04 WC100^bท337 2553
245 00 ทักษะการสื่อสารกับผู้ป่วยโรคติดเชื้อ :^bความสำคัญของโรคการรักษาและการป้องกัน /^cบรรณาธิการ; ชิษณุ พันธุ์เจริญ, ธันยวีร์ ภูธนกิจ, จรุงจิตร์ งามไพบูลย์
250    พิมพ์ครั้งที่ 1
260    กรุงเทพฯ :^bธนาเพรส,^c2553
300    249, [4] หน้า :^bภาพประกอบ ;^c21 ซม.
650  7 การสื่อสาร
650  7 การสื่อสารกับผู้ปว่ย
650  7 การสื่อสารทางการแพทย์
650  7 โรคติดเชื้อ^xการรักษา
650  7 โรคติดเชื้อ^xการป้องกันและควบคุม
700 0  ชิษณุ พันธุ์เจริญ,^eบรรณาธิการ
700 0  ธันยวีร์ ภูธนกิจ,^eบรรณาธิการ
700 0  จรุงจิตร์ งามไพบูลย์,^eบรรณาธิการ
710 2  โรงพยาบาลจุฬาลงกรณ์. ^bฝ่ายกุมารเวชศาสตร์.^bศูนย์ฝึกอบรมทักษะการสื่อสาร
945    ^p200^l0^i18100
945    ^p200^l0^i16853
945    ^p200^l0^i16854
995    กัณชพร
999 ^a ใช้งานได้ทุกระบบ
รายการนี้ยังไม่มีแท็ก
คุณยังไม่ได้ล็อกอิน คุณสามารถมีกิจกรรมร่วมกับเว็บไซต์ได้ แต่ต้องล็อกอินก่อน ::
  ล็อกอิน

รายการสื่อสารสนเทศ

ลำดับที่ ประเภท เลขเรียก/บาร์โค้ด สถานที่ สถานะ
1. วิทยาศาสตร์การแพทย์ และสุขภาพ
วิทยาศาสตร์การแพทย์ และสุขภาพ
สถานะ=หนังสือเก่า
WC100 ท337 2553  
  Barcode: 18100
ห้องสมุดวิทยาเขตนครสวรรค์
►ส่วนจัดเก็บหนังสือเก่า นว.
บนชั้น
  ขอยืม
2. วิทยาศาสตร์การแพทย์ และสุขภาพ
วิทยาศาสตร์การแพทย์ และสุขภาพ
สถานะ=หนังสือเก่า
WC100 ท337 2553 ฉ.2 
  Barcode: 16853
ห้องสมุดวิทยาเขตนครสวรรค์
►ส่วนจัดเก็บหนังสือเก่า นว.
บนชั้น
  ขอยืม
3. วิทยาศาสตร์การแพทย์ และสุขภาพ
วิทยาศาสตร์การแพทย์ และสุขภาพ
สถานะ=หนังสือเก่า
WC100 ท337 2553 ฉ.3 
  Barcode: 16854
ห้องสมุดวิทยาเขตนครสวรรค์
►ส่วนจัดเก็บหนังสือเก่า นว.
บนชั้น
  ขอยืม

รายการใกล้เคียง
    หัวเรื่อง [การสื่อสาร]
    หัวเรื่อง [การสื่อสารกับผู้ปว่ย]
    หัวเรื่อง [การสื่อสารทางการแพทย์]

BibComment


ยังไม่เคยถูกคอมเมนท์

คอมเมนท์ทรัพยากรรายการนี้
  คอมเมนท์: ทักษะการสื่อสารกั..


 Copyright 2026. Bcnsprnw @Library